000 00251nam a2200109Ia 4500
008 190216s9999||||xx |||||||||||||| ||und||
100 _aArthur Block
245 0 _aMurphy Law Completes
260 _bMetheen&Co
650 _aEnglish
942 _cBK
999 _c13344
_d13344